Estadísticas para Países que producen la mayor cantidad de vino per cápita

Haz click aquí para tomar la prueba!

Estadísticas generales

  • Esta prueba ha sido tomada 3.843 veces
  • La puntuación promedio es 6 de 10

Estadísticas de respuestas

kg / personaPaís% Correcto
75,2Francia
97%
95,1España
96%
89,3Italia
95%
57,4Portugal
72%
32,7Argentina
69%
68,9Chile
62%
51,6Australia
42%
63,6Nueva Zelanda
30%
36,6Hungría
18%
44,1Moldavia
10%

Distribución de puntuación

Porcentaje por número respondido

Porcentaje de gente con cada puntuación

Historial de tus puntuaciones

No has tomado esta prueba